Устройство для определения размеров дисперсных частиц

Podrobná bibliografie
Korporativní autor: Томский политехнический университет (ТПУ)
Další autoři: Мышкин В. Ф. Вячеслав Фёдорович, Власов В. А. Виктор Алексеевич, Тихомиров И. А. Иван Арсентьевич, Чернов Д. Г.
Shrnutí:опубл. 27.10.04
Изобретение относится к контрольно-измерительной технике, в частности к устройствам для определения параметров запыленной атмосферы, и может быть использовано для определения дисперсности аэрозолей. Сущность: устройство содержит расположенные на плоскости, перпендикулярной оптической оси, через непрерывно увеличивающиеся расстояния триплеты. Плоскости указанных триплетов из красной, зеленой и синей полос и их изображения связаны с помощью двух объективов с плоскостью анализа изображений, а измеряемый аэрозоль размещен между двумя объективами. Технический результат изобретения заключается в создании портативного устройства для экспрессного определения гранулометрического состава аэрозольных частиц
Jazyk:ruština
Vydáno:
Témata:
On-line přístup:http://www1.fips.ru/fips_servl/fips_servlet?DB=RUPAT&rn=6612&DocNumber=2239173&TypeFile=html
Médium: MixedMaterials Elektronický zdroj Kniha
KOHA link:https://koha.lib.tpu.ru/cgi-bin/koha/opac-detail.pl?biblionumber=636779

MARC

LEADER 00000nlm0a2200000 4500
001 636779
005 20240125111750.0
029 1 0 |a RU  |b 2239173  |c Пат.  |d МПК G 01 N 15/02 
035 |a (RuTPU)RU\TPU\network\833 
035 |a RU\TPU\network\832 
039 0 |a RU  |b 2003118168/28  |c 20030616 
090 |a 636779 
100 |a 20140322j20041027k y0rusy50 ca 
101 0 |a rus 
102 |a RU 
105 |a a k 000zy 
135 |a drcn ---uucaa 
181 0 |a i  
182 0 |a b 
200 1 |a Устройство для определения размеров дисперсных частиц  |f В. Ф. Мышкин [и др.]  |g Томский политехнический университет (ТПУ) 
203 |a Текст  |c электронный 
300 |a опубл. 27.10.04 
330 |a Изобретение относится к контрольно-измерительной технике, в частности к устройствам для определения параметров запыленной атмосферы, и может быть использовано для определения дисперсности аэрозолей. Сущность: устройство содержит расположенные на плоскости, перпендикулярной оптической оси, через непрерывно увеличивающиеся расстояния триплеты. Плоскости указанных триплетов из красной, зеленой и синей полос и их изображения связаны с помощью двух объективов с плоскостью анализа изображений, а измеряемый аэрозоль размещен между двумя объективами. Технический результат изобретения заключается в создании портативного устройства для экспрессного определения гранулометрического состава аэрозольных частиц 
610 1 |a патенты 
610 1 |a труды учёных ТПУ 
610 1 |a электронный ресурс 
610 1 |a дисперсные частицы 
610 1 |a размеры 
610 1 |a определение 
610 1 |a устройства 
701 1 |a Мышкин  |b В. Ф.  |c физик  |c профессор Томского политехнического университета, доктор физико-математических наук  |f 1962-  |g Вячеслав Фёдорович  |3 (RuTPU)RU\TPU\pers\26858  |9 12476 
701 1 |a Власов  |b В. А.  |c российский ученый в области физики и химии плазмы, молекулярной физики  |c профессор Томского политехнического университета  |c ректор Томского государственного архитектурно-строительного университета  |f 1958-  |g Виктор Алексеевич  |3 (RuTPU)RU\TPU\pers\26576  |9 12265 
701 1 |a Тихомиров  |b И. А.  |c российский физик  |c доктор физико-математических наук, профессор Томского политехнического университета  |f 1921-2010  |g Иван Арсентьевич  |3 (RuTPU)RU\TPU\pers\18334 
701 1 |a Чернов  |b Д. Г. 
712 0 2 |a Томский политехнический университет (ТПУ)  |c (1991-2009)  |3 (RuTPU)RU\TPU\col\376 
801 1 |a RU  |b 63413507  |c 20120201 
801 2 |a RU  |b 63413507  |c 20160609  |g RCR 
856 4 |u http://www1.fips.ru/fips_servl/fips_servlet?DB=RUPAT&rn=6612&DocNumber=2239173&TypeFile=html 
942 |c CF